ARRUPE JESUIT UNIVERSITY

CORONAVIRUS -STOP THE SPREAD - CLEAN,DISINFECT,COVER

Weapons and Hope (Record no. 24254)

MARC details
000 -LEADER
fixed length control field 00359nam a2200169Ia 4500
003 - CONTROL NUMBER IDENTIFIER
control field 0100
008 - FIXED-LENGTH DATA ELEMENTS--GENERAL INFORMATION
fixed length control field 130303s9999 xx 000 0 und d
040 ## - CATALOGING SOURCE
Transcribing agency ARRUPELIB
050 ## - LIBRARY OF CONGRESS CALL NUMBER
Classification number U21.2.D94 1984
100 ## - MAIN ENTRY--PERSONAL NAME
Personal name Dyson, Freeman
245 ## - TITLE STATEMENT
Title Weapons and Hope
260 ## - PUBLICATION, DISTRIBUTION, ETC. (IMPRINT)
Place of publication, distribution, etc NY
260 ## - PUBLICATION, DISTRIBUTION, ETC. (IMPRINT)
Name of publisher, distributor, etc Harper Row, INC
260 ## - PUBLICATION, DISTRIBUTION, ETC. (IMPRINT)
-- 1984
300 ## - PHYSICAL DESCRIPTION
Extent 340p
942 00 - ADDED ENTRY ELEMENTS (KOHA)
Koha issues (borrowed), all copies 2
Holdings
Withdrawn status Lost status Source of classification or shelving scheme Damaged status Not for loan Collection code Home library Current library Shelving location Date acquired Total Checkouts Full call number Barcode Date last seen Date checked out Copy number Price effective from Koha item type
    Library of Congress Classification     Main Collection ARRUPE LIBRARY ARRUPE LIBRARY   04/03/2013 4 U21.2.D94 1984 46003073794 11/09/2019 14/05/2018 1 04/03/2013 Monograph ( Printed materials)

 

Arrupe Library. PO Box MP320 Mt Pleasant, Harare, Zimbabwe
263 242 745411|librarian@aju.ac.zw